000 00971nam0a2200277 4500
001 RU\NLR\bibl\1444514
005 20260406044341.0
010 _a978-5-9985-0240-8
_95000
021 _aRU
_b2009-80709
_95063
035 _a(NLR Aleph) 001436357
090 _a1434879
_c1434879
100 _a20091127d2009 |||y0rusy50 ca
101 1 _arus
_cfre
102 _aRU
105 _ay |||||||||
200 1 _aПрелестные картинки
_eроман
_fСимона де Бовуар
_g[пер. с фр. Ленины Зониной]
210 _aСанкт-Петербург
_cАзбука-классика
_d2009
215 _a219, [2] с.
_d18
225 1 _aАзбука-классика
686 _aШ6(4Фр)67-440.4{Лх1649-50}
700 1 _4070
_7ca
_8rus
_aБовуар
_bС. де
_f1908-1986
_gСимона де
_3RU\NLR\auth\774234
_9114216
801 0 _aRU
_bNLR
_c20091127
_gRCR
801 1 _aRU
_bNLR
_c20091127
942 _cBOOK
980 _aNB